Vista normal
Vista MARC
- Barbosa, Sebastián
Entrada Personal Name
Número de registros utilizados en: 2
001 - CONTROL NUMBER
- control field: 27295
003 - CONTROL NUMBER IDENTIFIER
- control field: AR-BaUME
005 - DATE AND TIME OF LATEST TRANSACTION
- control field: 20260306113429.0
008 - FIXED-LENGTH DATA ELEMENTS
- fixed length control field: 260306|| aca||aabn | a|a d
040 ## - CATALOGING SOURCE
- Original cataloging agency: AR-BaUME
- Transcribing agency: AR-BaUME
100 ## - HEADING--PERSONAL NAME
- Personal name: Barbosa, Sebastián
- Relator term: tut.
670 ## - SOURCE DATA FOUND
- Source citation: Work cat.: (AR-BaUME): Casadei, Lucila Maria Sofia 27294, Una mirada desde la Gestión Social de Patitas en Acción a la sobrepoblación de perros en Argentina / , 2022



